1747 1643 1036 1590 1172 1362 1795 1362 1742 1322 1323 1221 1091 1503 1396 1435 1751 1975 1270 1756 1395 1795 1028 1120 1644 1473 1777 1744 1587 1010 1894 1124 1523 1433 1663 1235 1308 1246 1187 1105 1809 1798 1272 1455 1789 1842 1910 1328 1065 1226 1951 1785 1492 1594 1398 1511 1278 1794 1851 1409 1714 1322 1217 1056 1412 1009 1744 1622 1826 1916 1916 1432 1735 1744 1474 1224 1404 1811 1198 1903 1149 1974 1706 1129 1812 1757 1471 1922 1415 1791 1819 1077 1563 1844 1755 1372 1658 1799 1941 BCNSPRNW ULIB Ver.6.0+V

เปลี่ยนเป็นภาษาไทย

Change to English
 แสดงรายละเอียดบรรณานุกรม
  กลับหน้าหลัก

Brief Record : Get Marc (ISO 2709) : E-mail record : QR code < ปิดหน้าต่าง
LEADER : 00000nam 2200000uu 4500
001    13399109191
003     ULIB
008    110323s2551||||th 000 0 tha d
020    9789741149209
060 04 WQ240^bอ829ก 2551
245 00 การตั้งครรภ์ความเสี่ยงสูง =^bHigh risk pregnancy /^cอุ่นใจกออนันตกุล, บรรณาธิการ
246 31 High risk pregnancy
250    พิมพ์ครั้งที่ 2 (เรียบเรียงครั้งที่ 2)
260    สงขลา :^bคณะแพทยศาสตร์ มหาวิทยาลัยสงขลานครินทร์,^c2551
300    662 หน้า :^bภาพประกอบ ;^c27 ซม.
650  7 ครรภ์
650  7 ภาวะแทรกซ้อนขณะมีครรภ์
700 0  อุ่นใจ กออนันกุล,^eบรรณาธิการ
710 2  มหาวิทยาลัยสงขลานครินทร์. ^bคณะแพทยศาสตร์
945    ^p900^l0^i026933
945    ^p900^l0^i026932
945    ^p900^l0^i024014
945    ^p900^l0^i024013
945    ^p900^l0^i024011
945    ^p900^l0^i024012
995    ทศพร
999 ^a ใช้งานได้ทุกระบบ
รายการนี้ยังไม่มีแท็ก
คุณยังไม่ได้ล็อกอิน คุณสามารถมีกิจกรรมร่วมกับเว็บไซต์ได้ แต่ต้องล็อกอินก่อน ::
  ล็อกอิน

รายการสื่อสารสนเทศ

ลำดับที่ ประเภท เลขเรียก/บาร์โค้ด สถานที่ สถานะ
- ไม่พบข้อมูล -

รายการใกล้เคียง
    หัวเรื่อง [ครรภ์]
    หัวเรื่อง [ภาวะแทรกซ้อนขณะมีครรภ์]

BibComment


ยังไม่เคยถูกคอมเมนท์

คอมเมนท์ทรัพยากรรายการนี้
  คอมเมนท์: การตั้งครรภ์ความเ..


 Copyright 2026. Bcnsprnw @Library